000 00313nam a22001217a 4500
008 181129b xxu||||| |||| 00| 0 eng d
041 _aeng
080 _a043.3
100 _a0
101 _aBTH-SHKI
245 _aDallimet dhe perparesite ndermjet HTML 5 dhe versioneve te mehershme
_cSalihu, D
942 _2udc
_cBK
999 _c52686
_d52686